Interakcia domenoveho experta s umelou inteligenciou v oblasti mediciny

Gespeichert in:
Bibliographische Detailangaben
1. Verfasser: Saraka, Martin (Verfasst von)
Weitere Verfasser: Dubovský, Martin (Betreuung Doktorarbeit)
Format: Manuskript Buch
Sprache:Slowakisch
Veröffentlicht: 2025
Schlagworte:
Online-Zugang:http://is.stuba.sk/zp/portal_zp.pl?podrobnosti=183609
Tags: Tag hinzufügen
Keine Tags, Fügen Sie das erste Tag hinzu!

MARC

LEADER 00000ntm a22000003a 4500
001 stuzp105853
003 SK-STU
005 20250607211832.3
007 ta
008 150427s2015----xo-----f-mn---000-0-slo-d
040 |a STU  |b slo 
041 0 |a slo 
100 1 |a Saraka, Martin  |u 070400  |4 aut  |U FIIT Fakulta informatiky a informačných technológií  |T FIIT Ústav počítačového inžinierstva a aplikovanej informatiky  |X 103113  |U I400  |Y 672  |7 103113 
242 0 1 |a Interaction of domain expert with artificial intelligence in medicine  |y eng 
245 1 0 |a Interakcia domenoveho experta s umelou inteligenciou v oblasti mediciny 
260 |c 2025 
650 4 |a HCD  |2 eng 
650 4 |a XAI  |2 eng 
650 4 |a Annotation tool  |2 eng 
650 4 |a Interaction of domain expert with artificial intelligence  |2 eng 
650 4 |a Histopathology  |2 eng 
650 4 |a Anotačné nástroje  |2 slo 
650 4 |a Histopatológia  |2 slo 
650 4 |a HCD  |2 slo 
650 4 |a XAI  |2 slo 
650 4 |a Interakcia doménového experta s umelou inteligenciou  |2 slo 
700 1 |a Dubovský, Martin  |u 070400  |k Z3  |4 ths  |U FIIT Fakulta informatiky a informačných technológií  |T FIIT Ústav počítačového inžinierstva a aplikovanej informatiky  |X 51167  |U I400  |Y 672  |7 51167 
856 4 |u http://is.stuba.sk/zp/portal_zp.pl?podrobnosti=183609